000 01004naa a22002657a 4500
001 BR9101600
003 BR-BrBNA
005 20240918180646.0
007 ta
008 230509b bl.||||| |||| 00| 0 por d
040 _aBR-BrBNA
_bpor
_cBiblioteca Nacional de Agricultura
041 _a(Pt)
072 _aL01
_b5250
090 _aL01 BR9101600
100 1 _aAlzamora, F.
111 1 _a8. Congresso Brasileiro de Reproducao Animal
_cBelo Horizonte, MG (Brazil)
_d10-14 Jul 1989
245 1 _aCaprinocultura leiteira: relato de uma experiencia e perspectivas
260 3 _aBelo Horizonte, MG (Brasil):
_c1989.
500 _a8. Congresso Brasileiro de Reproducao Animal. Palestras Belo Horizonte, MG (Brasil): 1989. p. 178-181 (BR9101600-AM)L01
650 _aCABRA LEITEIRA
650 _aCRIACAO
773 0 _t8. Congresso Brasileiro de Reproducao Animal. Palestras
_wL01 BR9101600
_gBelo Horizonte, MG (Brasil), 1989. p. 178-181
909 _a202404
_bLucia
_c55
_dLucia Elande
942 _cAM
_2AGRIS
999 _c321555
_d321555